Culture Générale - Série 2542 - Statistiques

Statistiques générales
  • Ce quiz a été pris 179 fois
  • Le résultat moyen est 6 sur 10
Statistiques - réponses
Question Réponse % Correct
Dans quel sport s'illustre Tiger Woods golf
93%
Quel vêtement est un saroual ? pantalon
88%
De quel instrument de cuisine qualifie-t-on un gardien de but de football qui prend beaucoup de buts ? passoire
86%
De quelle ville sont originaires les Beatles ? Liverpool
82%
Qui a présenté Apostrophes sur Antenne 2 de 1975 à 1990 ? prénom et nom - voir photo Bernard Pivot
63%
Combien d'années compte un lustre ? cinq
63%
Locution adverbiale signifiant en grande quantité : à .... foison
40%
Air chanté ou joué, au petit matin, sous les fenêtres de qqn (s'oppose à sérénade). aubade
28%
Qu'on ne parvient pas à débarrasser de ses manières grossières, de ses mauvaises habitudes - synonyme d'incorrigible - 13 lettres commençant par " i " indécrottable
18%
Quelle ville a gagné la première coupe de France de football en 1918 ? Pantin
5%
Aucun quiz correspondant
Distribution des résultats
% des personnes avec chaque résultat
Percentile par nombre de réponses
Votre historique - résultats
Vous n’avez pas pris ce quiz